Guess All Countries + Capitals by Flag - Europe - Statistics

General Stats
  • This quiz has been taken 38 times
  • The average score is 68 of 88
Answer Stats
Hint Countries % Correct
Rome
100%
Italy
97%
Flag of Albania Albania
94%
Flag of Greece Greece
94%
Flag of Bosnia and Herzegovina Bosnia & Herzegovina
91%
Czech Republic
91%
Netherlands
91%
Austria
88%
Berlin
88%
Flag of Croatia Croatia
88%
Flag of Denmark Denmark
88%
Flag of Finland Finland
88%
France
88%
Germany
88%
Paris
88%
Flag of Portugal Portugal
88%
Flag of Switzerland Switzerland
88%
Flag of Vatican City Vatican City
88%
Flag of Iceland Iceland
85%
London
85%
Luxembourg
85%
Madrid
85%
Moscow
85%
Russia
85%
Flag of Spain Spain
85%
Flag of Sweden Sweden
85%
Ukraine
85%
Flag of the United Kingdom United Kingdom
85%
Flag of Belarus Belarus
82%
Belgium
82%
Estonia
82%
Helsinki
82%
Hungary
82%
Ireland
82%
Flag of Kosovo Kosovo
82%
Latvia
82%
Flag of North Macedonia North Macedonia
82%
Flag of Norway Norway
82%
Oslo
82%
Poland
82%
Prague
82%
Athens
79%
Bulgaria
79%
Copenhagen
79%
Lisbon
79%
Flag of Malta Malta
79%
Flag of Moldova Moldova
79%
Flag of San Marino San Marino
79%
Flag of Serbia Serbia
79%
Flag of Slovakia Slovakia
79%
Slovenia
79%
Warsaw
79%
Amsterdam
76%
Dublin
76%
Kyiv
76%
Flag of Liechtenstein Liechtenstein
76%
Lithuania
76%
Monaco
76%
Flag of Montenegro Montenegro
76%
Flag of Andorra Andorra
73%
Brussels
73%
Romania
73%
Sofia
73%
Stockholm
73%
Tirana
73%
Vienna
73%
Zagreb
73%
Bern
70%
Budapest
70%
Minsk
70%
Reykjavik
70%
Pristina
67%
Andorra la Vella
64%
Belgrade
64%
Bratislava
64%
Tallinn
64%
Sarajevo
64%
Valletta
64%
Bucharest
61%
Riga
61%
Skopje
61%
Vilnius
61%
Chișinău
58%
Ljubljana
58%
Podgorica
58%
Vaduz
58%
Monaco
52%
Vatican City
48%
No matching quizzes found
Score Distribution
Percent of People with Each Score
Percentile by Number Answered
Your Score History
You have not taken this quiz